LEADER 00964nam0 22002651i 450 001 RML0302488 005 20231121125745.0 100 $a20121121d1963 ||||0itac50 ba 101 | $aeng 102 $aus 181 1$6z01$ai $bxxxe 182 1$6z01$an 200 1 $aInterpreting literature$fK.L.Knickerbocker, H. Willard Reninger 210 $aNew York $cHolt,Rinehart and Winston $d1963 215 $aXVI,832 p.$d24 cm. 700 1$aKnickerbocker$b, K.L.$3RMLV195158$0711639 701 1$aWillard Reninger$b, H.$3RMLV195157$01445718 801 3$aIT$bIT-01$c20121121 850 $aIT-FR0017 899 $aBiblioteca umanistica Giorgio Aprea$bFR0017 912 $aRML0302488 950 0$aBiblioteca umanistica Giorgio Aprea$d 52CIS 11/1702$e 52VM 0000726045 VM barcode:00063538. - Inventario:558 MAGVM$fA $h20080118$i20121204 977 $a 52 996 $aInterpreting literature$93630363 997 $aUNICAS LEADER 01253nam0 22003373i 450 001 MIL0206841 005 20231121125540.0 010 $a8437603935 100 $a20130222d1993 ||||0itac50 ba 101 | $aspa 102 $aes 181 1$6z01$ai $bxxxe 182 1$6z01$an 200 1 $aTeatro completo$fLuis de Gongora$gedicion de Laura Dolfi 210 $aMadrid$cCatedra$dc1993 215 $a391 p.$d18 cm. 225 | $aLetras hispánicas$v355 410 0$1001CFI0146253$12001 $aLetras hispánicas$v355 676 $a862.3$9Letteratura drammatica spagnola. Etŕ aurea, 1516-1699$v22 700 1$aGóngora y Argote$b, Luis : de$3CFIV035647$4070$0385267 702 1$aDolfi$b, Laura$3CFIV028720 790 1$aGóngora$b, Luis : de$3CFIV035648$zGóngora y Argote, Luis : de 790 1$ade Góngora$b, Luis$3IEIV123414$zGóngora y Argote, Luis : de 801 3$aIT$bIT-01$c20130222 850 $aIT-FR0017 899 $aBiblioteca umanistica Giorgio Aprea$bFR0017 912 $aMIL0206841 950 0$aBiblioteca umanistica Giorgio Aprea$d 52MAG 5 COLL Q 355$e 52FLS0000103555 VMB RS $fA $h20130222$i20130222 977 $a 52 996 $aTeatro completo$9100414 997 $aUNICAS